[Event "34 R.G.Nezhmetdinov Cup"]
[Site "Êàçàíü, "]
[Date "2012.10.01"]
[Round "6.7"]
[White "Sadykov, Ramil"]
[Black "Sharafiev, Azat"]
[Result "1/2-1/2"]
[WhiteElo "2234"]
[BlackElo "2414"]
[PlyCount "80"]
[EventDate "2013.??.??"]

1. e4 c5 2. Nf3 d6 3. d4 cxd4 4. Nxd4 Nf6 5. Nc3 a6 6. Bg5 Nbd7 7. f4 Qc7 8.
Qf3 h6 9. Bxf6 Nxf6 10. Nd5 Nxd5 11. exd5 g6 12. f5 Bxf5 13. Nxf5 Qa5+ 14. c3
gxf5 15. Qxf5 Rg8 16. Bc4 Rg5 17. Qf3 Re5+ 18. Kd2 Bg7 19. Rhf1 Bf6 20. Rae1
Rxe1 21. Rxe1 O-O-O 22. Kc1 Kb8 23. Kb1 Rc8 24. Bb3 Qb5 25. Re4 h5 26. h4 Rg8
27. Rb4 Qc5 28. Qf1 Rg3 29. a3 Re3 30. Ka2 Re5 31. g3 a5 32. Rc4 Qe3 33. Qh3 e6
34. dxe6 fxe6 35. Qg2 Qe1 36. Qf3 d5 37. Qxf6 dxc4 38. Qd8+ Ka7 39. Qd4+ Kb8
40. Qd8+ Ka7 1/2-1/2

[Event "34 R.G.Nezhmetdinov Cup"]
[Site "Êàçàíü, "]
[Date "2012.10.01"]
[Round "6.8"]
[White "Tunik, Gennady"]
[Black "Burmakin, Vladimir"]
[Result "1/2-1/2"]
[WhiteElo "2456"]
[BlackElo "2596"]
[PlyCount "67"]
[EventDate "2013.??.??"]

1. d4 c6 2. c4 Nf6 3. Nf3 d5 4. Nc3 a6 5. cxd5 cxd5 6. Bf4 e6 7. e3 Bd6 8. Bxd6
Qxd6 9. Bd3 O-O 10. O-O Nbd7 11. Qe2 b5 12. Rac1 Bb7 13. Rc2 Rfc8 14. Rfc1 h6
15. Nb1 Rxc2 16. Rxc2 Ne4 17. Qe1 Rc8 18. Rxc8+ Bxc8 19. Qc1 Bb7 20. Nbd2 Qc6
21. Qxc6 Bxc6 22. Nb3 Nd6 23. Nc5 a5 24. Nxd7 Bxd7 25. Kf1 Kf8 26. Ke2 f6 27.
Nd2 Ke7 28. Nb3 Nb7 29. f4 Kd6 30. Nd2 Ke7 31. Ke1 Kd6 32. Ke2 Ke7 33. Ke1 Kd6
34. Ke2 1/2-1/2

[Event "34 R.G.Nezhmetdinov Cup"]
[Site "Êàçàíü, "]
[Date "2013.10.01"]
[Round "6.11"]
[White "Goganov, Aleksey"]
[Black "Makhmutov, Rail"]
[Result "1-0"]
[WhiteElo "2525"]
[BlackElo "2399"]
[PlyCount "69"]
[EventDate "2013.??.??"]

1. d4 d5 2. c4 dxc4 3. Nf3 Nf6 4. e3 e6 5. Bxc4 c5 6. O-O a6 7. Bb3 Nc6 8. Nc3
cxd4 9. exd4 Be7 10. Bg5 O-O 11. Qd2 Na5 12. Bc2 b5 13. Qf4 Bb7 14. Rad1 g6 15.
Bh6 Nh5 16. Qg4 f5 17. Qh3 Re8 18. d5 b4 19. Ne2 Bxd5 20. Ba4 Rf8 21. Bxf8 Qxf8
22. Nfd4 Qf7 23. Rc1 Bf6 24. Rfd1 Qb7 25. b3 Rd8 26. Qe3 e5 27. Nf3 f4 28. Qc5
Bxf3 29. gxf3 Qxf3 30. Rxd8+ Bxd8 31. Qc8 Qxe2 32. Qxd8+ Kg7 33. h4 Qg4+ 34.
Kh2 f3 35. Rc7+ 1-0

[Event "34 R.G.Nezhmetdinov Cup"]
[Site "Êàçàíü, "]
[Date "2012.10.01"]
[Round "6.12"]
[White "Gerasimov, Ivan"]
[Black "Timofeev, Artyom"]
[Result "1/2-1/2"]
[WhiteElo "2330"]
[BlackElo "2640"]
[PlyCount "117"]
[EventDate "2013.??.??"]

1. e4 c5 2. Nf3 d6 3. Bb5+ Nc6 4. Bxc6+ bxc6 5. O-O Bg4 6. h3 Bh5 7. e5 dxe5 8.
Nc3 e6 9. g4 Bg6 10. Nxe5 Bd6 11. Nxg6 hxg6 12. Qf3 Ne7 13. d3 Nd5 14. Ne4 O-O
15. g5 Ne7 16. Be3 Nf5 17. Qg4 c4 18. dxc4 Nxe3 19. fxe3 Be5 20. c3 Qb6 21. Qe2
c5 22. Rad1 Rad8 23. h4 Qc6 24. Qf3 Qc7 25. Qg4 a5 26. Qg2 Qb6 27. Qe2 a4 28.
Qg2 Qa5 29. Qc2 a3 30. b3 Bb8 31. Rxd8 Qxd8 32. Rd1 Qc7 33. Rd6 Rd8 34. Rxd8+
Qxd8 35. Kf1 Qe7 36. Qg2 Be5 37. Ke2 Kh7 38. Kd2 f5 39. gxf6 gxf6 40. Kc2 Kg7
41. Nf2 f5 42. Nd3 Bd6 43. Qg5 Qxg5 44. hxg5 e5 45. e4 Kf7 46. Kd2 Ke6 47. Ke3
Be7 48. Kf3 Kd6 49. b4 cxb4 50. cxb4 Bxg5 51. b5 Be7 52. c5+ Kc7 53. exf5 gxf5
54. Nxe5 Bxc5 55. Nc4 Kd7 56. Kf4 Ke6 57. b6 Kd7 58. Kxf5 Kc6 59. Nxa3 1/2-1/2

[Event "34 R.G.Nezhmetdinov Cup"]
[Site "Êàçàíü, "]
[Date "2012.10.01"]
[Round "6.14"]
[White "Shurakov, Denis"]
[Black "Isajevsky, Anton"]
[Result "1/2-1/2"]
[WhiteElo "2280"]
[BlackElo "2427"]
[PlyCount "97"]
[EventDate "2013.??.??"]

1. d4 Nf6 2. c4 e6 3. Nf3 c5 4. g3 cxd4 5. Nxd4 Qc7 6. Bg2 Qxc4 7. O-O Nc6 8.
Nb3 d5 9. Nc3 Be7 10. Bf4 O-O 11. Re1 d4 12. Ne4 Nxe4 13. Bxe4 e5 14. Bxc6 exf4
15. Bg2 fxg3 16. hxg3 Rd8 17. Rc1 Qa4 18. a3 Rb8 19. Qd3 Be6 20. Nc5 Bxc5 21.
Rxc5 g6 22. Rec1 b6 23. Rc7 a5 24. Bc6 Qb3 25. Qxb3 Bxb3 26. Bb5 Be6 27. b4
axb4 28. axb4 Kf8 29. f3 h5 30. Kf2 Rdc8 31. R1c2 Kg7 32. Bd3 Kf6 33. b5 g5 34.
Rc1 Rxc7 35. Rxc7 Ke5 36. Rc6 Rb7 37. Be4 Rb8 38. Bd3 Rb7 39. Be4 Rb8 40. Bd3
Rb7 41. Be4 Bd5 42. Bxd5 Kxd5 43. Rf6 Kc4 44. Rf5 Rc7 45. Rxg5 Rc5 46. Rg7 Rf5
47. f4 Kxb5 48. e4 dxe3+ 49. Kxe3 1/2-1/2

[Event "34 R.G.Nezhmetdinov Cup"]
[Site "Êàçàíü, "]
[Date "2012.10.01"]
[Round "6.15"]
[White "Loskutov, Oleg"]
[Black "Ivanov, Oleg"]
[Result "1-0"]
[WhiteElo "2422"]
[BlackElo "2177"]
[PlyCount "63"]
[EventDate "2013.??.??"]

1. e4 e5 2. Nf3 Nc6 3. Bb5 Nf6 4. O-O Nxe4 5. d4 Nd6 6. dxe5 Nxb5 7. a4 d6 8.
e6 Bxe6 9. axb5 Ne5 10. Nd4 Be7 11. f4 Bg4 12. Qe1 c5 13. bxc6 Nxc6 14. Nxc6
bxc6 15. f5 Qd7 16. Qe4 h5 17. h3 d5 18. Qd3 Bc5+ 19. Be3 d4 20. Bd2 Kf8 21.
hxg4 hxg4 22. Bf4 Re8 23. Nd2 Qe7 24. Rae1 Rh1+ 25. Kxh1 Qh4+ 26. Kg1 Rxe1 27.
g3 Qe7 28. Rxe1 Qxe1+ 29. Kg2 Kg8 30. Ne4 Bb6 31. Nf2 c5 32. b3 1-0

[Event "34 R.G.Nezhmetdinov Cup"]
[Site "Êàçàíü, "]
[Date "2012.10.01"]
[Round "6.16"]
[White "Smirnov, Alexey"]
[Black "Elistratov, Semen"]
[Result "1-0"]
[WhiteElo "2420"]
[BlackElo "2000"]
[PlyCount "89"]
[EventDate "2013.??.??"]

1. d4 Nf6 2. c4 e6 3. Nc3 Bb4 4. e3 c5 5. Bd3 Nc6 6. Nf3 d6 7. O-O O-O 8. Na4
Qe7 9. a3 Ba5 10. Qc2 h6 11. b3 Bc7 12. Bb2 b6 13. d5 Ne5 14. Nxe5 dxe5 15. Nc3
Bb7 16. Rad1 Rad8 17. dxe6 Qxe6 18. Bf5 Qe7 19. e4 g6 20. Bh3 Rxd1 21. Rxd1 Rd8
22. Nd5 Nxd5 23. cxd5 Bd6 24. Qc3 Qh4 25. Re1 Ba6 26. Bc1 Kh7 27. Re3 Re8 28.
Bd7 Re7 29. g3 Qf6 30. Bh3 Rc7 31. Bb2 c4 32. b4 b5 33. f4 Re7 34. Rf3 Qg7 35.
Kg2 f6 36. Be6 Rc7 37. Qe3 Bc8 38. fxe5 fxe5 39. Qf2 Bxe6 40. dxe6 Re7 41. Rf7
Rxf7 42. exf7 Qf8 43. Qxa7 Kg7 44. Qd7 Qb8 45. Qe8 1-0

[Event "34 R.G.Nezhmetdinov Cup"]
[Site "Êàçàíü, "]
[Date "2012.10.01"]
[Round "6.17"]
[White "Vlasenko, Miroslav"]
[Black "Toropov, Pavel"]
[Result "1/2-1/2"]
[WhiteElo "2400"]
[BlackElo "2261"]
[PlyCount "206"]
[EventDate "2013.??.??"]

1. d4 d5 2. Bf4 Nf6 3. e3 c6 4. Nf3 Bg4 5. c4 Bxf3 6. gxf3 e6 7. Qb3 Qc8 8. Nc3
Nh5 9. Bg3 Be7 10. Rc1 O-O 11. Bd3 dxc4 12. Qxc4 Nd7 13. Bb1 Nb6 14. Qd3 g6 15.
Be5 Nd5 16. Rg1 Qe8 17. h3 Rd8 18. Qe2 Nxc3 19. bxc3 f6 20. Bc7 Rc8 21. Bh2 c5
22. Rd1 cxd4 23. cxd4 Qd7 24. Kf1 Bd6 25. Bxd6 Qxd6 26. f4 Ng7 27. Be4 Rc7 28.
Kg2 Rd8 29. Kh1 f5 30. Bf3 Ne8 31. Rc1 Nf6 32. Rxc7 Qxc7 33. Qb2 Nd5 34. Rc1
Qe7 35. Bxd5 Rxd5 36. Rc8+ Kg7 37. Qc3 Kh6 38. Qc7 Qxc7 39. Rxc7 Rb5 40. Kg2
Rb2 41. a4 Rb4 42. a5 Rb5 43. Re7 Rxa5 44. Rxb7 Ra1 45. Re7 a5 46. Rxe6 Kh5 47.
Re7 h6 48. Kf3 Ra2 49. Re5 a4 50. e4 Ra3+ 51. Kg2 Rd3 52. exf5 gxf5 53. Rxf5+
Kg6 54. Rd5 h5 55. h4 a3 56. Rg5+ Kh6 57. Ra5 Rxd4 58. Ra6+ Kg7 59. Kf3 Rd3+
60. Ke4 Rh3 61. Kf5 Rxh4 62. Ra7+ Kh6 63. Ra6+ Kg7 64. Rxa3 Rh2 65. f3 h4 66.
Ra7+ Kh6 67. Ra6+ Kg7 68. Rg6+ Kf7 69. Rh6 Kg7 70. Rh5 h3 71. Kg4 Rg2+ 72. Kxh3
Ra2 73. Kg4 Kg6 74. f5+ Kg7 75. Rg5+ Kf7 76. Rg6 Ra4+ 77. Kg5 Ra1 78. Rf6+ Kg7
79. Rb6 Rg1+ 80. Kf4 Kf7 81. Rh6 Re1 82. Re6 Rg1 83. Ra6 Re1 84. Ra2 Kf6 85.
Rg2 Ra1 86. Rg6+ Kf7 87. Rh6 Rg1 88. Ra6 Re1 89. f6 Kg6 90. f7+ Kxf7 91. Kf5
Rb1 92. Ra7+ Kf8 93. Ra5 Rb6 94. Kg5 Rc6 95. f4 Rb6 96. Ra7 Rc6 97. Rh7 Ra6 98.
Rh2 Rb6 99. Re2 Ra6 100. Kf5 Kf7 101. Re5 Rf6+ 102. Kg4 Rg6+ 103. Kf3 Ra6
1/2-1/2

[Event "34 R.G.Nezhmetdinov Cup"]
[Site "Êàçàíü, "]
[Date "2012.10.01"]
[Round "6.18"]
[White "Zlachevskiy, Leonid"]
[Black "Ponfilenok, Vladimir"]
[Result "0-1"]
[WhiteElo "2124"]
[BlackElo "2392"]
[PlyCount "100"]
[EventDate "2013.??.??"]

1. e4 e6 2. Nc3 d5 3. d4 Bb4 4. Nge2 dxe4 5. a3 Bxc3+ 6. Nxc3 Nc6 7. Bb5 Nge7
8. Be3 a6 9. Bxc6+ Nxc6 10. Qg4 O-O 11. Qxe4 f5 12. Qf4 Ne7 13. Qh4 Qd7 14. f3
f4 15. Bg1 b5 16. Qf2 Bb7 17. Qd2 a5 18. Bf2 b4 19. Ne2 Nd5 20. O-O Qb5 21.
Rfe1 Rad8 22. axb4 axb4 23. Nc1 c5 24. Nb3 Nc7 25. Ra5 Qb6 26. Rxc5 Bd5 27. c4
bxc3 28. Qxc3 Na6 29. Qa5 Rb8 30. Rxd5 exd5 31. Qxd5+ Kh8 32. Nc5 Nxc5 33. dxc5
Qxb2 34. h3 Rbd8 35. Qe6 Rd2 36. Qf7 Rdd8 37. Qe7 Rc8 38. Qa7 Ra8 39. Qd7 Ra2
40. Qd4 Qxd4 41. Bxd4 Kg8 42. Re7 Rd8 43. Re4 g5 44. h4 Ra4 45. Bf6 Rd1+ 46.
Kh2 Rxe4 47. fxe4 g4 48. Be5 Rf1 49. c6 g3+ 50. Kh3 h5 0-1

[Event "34 R.G.Nezhmetdinov Cup"]
[Site "Êàçàíü, "]
[Date "2012.10.01"]
[Round "6.19"]
[White "Yeletsky, Ivan"]
[Black "Arslanov, Shamil"]
[Result "1/2-1/2"]
[WhiteElo "2099"]
[BlackElo "2416"]
[PlyCount "102"]
[EventDate "2013.??.??"]

1. d4 d5 2. c4 c6 3. Nf3 Nf6 4. Nc3 e6 5. e3 Nbd7 6. Qc2 Bd6 7. Be2 dxc4 8.
Bxc4 O-O 9. O-O a6 10. Bd3 c5 11. a3 Qc7 12. h3 cxd4 13. Nxd4 Nc5 14. Be2 b6
15. b4 Ncd7 16. Bb2 Bb7 17. Rac1 Rac8 18. Qa4 Ra8 19. Rfd1 Bh2+ 20. Kh1 Be5 21.
Nd5 Bxd5 22. Rxc7 Bxc7 23. Bf3 b5 24. Qc2 Be5 25. Bxd5 Nxd5 26. Nc6 Bxb2 27.
Qxb2 N7b6 28. e4 Nc4 29. Qb3 Ndb6 30. f4 Rfe8 31. Kh2 h6 32. Na5 Red8 33. e5
Rxd1 34. Qxd1 Nd5 35. Qc1 Rc8 36. Nb7 Rc7 37. Nc5 a5 38. Qa1 axb4 39. axb4 Nxb4
40. Qa8+ Kh7 41. Na6 Nxa6 42. Qxa6 b4 43. Qb5 g6 44. Qxb4 Ne3 45. Qf8 Nd5 46.
Kg3 Rc3+ 47. Kh2 Rc7 48. Kg3 Ra7 49. h4 h5 50. Kf3 Rc7 51. g3 Rc3+ 1/2-1/2

[Event "34 R.G.Nezhmetdinov Cup"]
[Site "Êàçàíü, "]
[Date "2012.10.01"]
[Round "6.21"]
[White "Demianjuk, Alexander"]
[Black "Merkushev, Dmitry"]
[Result "1-0"]
[WhiteElo "2324"]
[BlackElo "2130"]
[PlyCount "63"]
[EventDate "2013.??.??"]

1. d4 d6 2. Nf3 Bg4 3. e4 e6 4. Nc3 Nd7 5. h3 Bh5 6. Be3 c6 7. Qd2 d5 8. Be2
Bd6 9. O-O Ne7 10. a3 h6 11. b4 g5 12. Ne1 Bxe2 13. Qxe2 Bf4 14. Bxf4 gxf4 15.
b5 Qa5 16. Qd3 Nb6 17. bxc6 bxc6 18. Nf3 Ng6 19. Nd2 Nd7 20. Ne2 O-O 21. g3 e5
22. gxf4 exf4 23. e5 Rae8 24. Nf3 c5 25. c3 c4 26. Qf5 Re6 27. Kh2 Kh8 28. Rg1
Qd8 29. Rg4 Rg8 30. Rag1 Ne7 31. Rxg8+ Nxg8 32. Qxf7 1-0

[Event "34 R.G.Nezhmetdinov Cup"]
[Site "Êàçàíü, "]
[Date "2012.10.01"]
[Round "6.22"]
[White "Glukhov, Alexander"]
[Black "Severina, Maria"]
[Result "0-1"]
[WhiteElo "2150"]
[BlackElo "2173"]
[PlyCount "114"]
[EventDate "2013.??.??"]

1. e4 e5 2. Nf3 Nc6 3. Bb5 a6 4. Ba4 Nf6 5. O-O Be7 6. Re1 b5 7. Bb3 d6 8. c3
O-O 9. h3 Bb7 10. d4 Re8 11. a4 Bf8 12. Nbd2 h6 13. Bc2 exd4 14. Nxd4 Nxd4 15.
cxd4 c5 16. d5 g6 17. b3 Bg7 18. Bb2 Nd7 19. Bxg7 Kxg7 20. Qf3 b4 21. Qg3 Qf6
22. Nc4 Ne5 23. Na5 Bc8 24. f4 Nd7 25. Nc4 a5 26. e5 dxe5 27. fxe5 Qg5 28. Qxg5
hxg5 29. e6 fxe6 30. dxe6 Nf6 31. e7 Ra6 32. Re5 Be6 33. Rae1 Bxc4 34. bxc4 Ng8
35. Rxc5 Rxe7 36. Rxe7+ Nxe7 37. Rxg5 Rc6 38. Rg4 Kf6 39. Kf2 Nf5 40. Rf4 Ke5
41. Re4+ Kf6 42. Bb3 Rd6 43. g4 Rd3 44. gxf5 Rxb3 45. fxg6 Rxh3 46. Rg4 Kg7 47.
Ke2 Ra3 48. c5 Rxa4 49. c6 Ra2+ 50. Kd1 b3 51. Rg3 a4 52. Rc3 Ra1+ 53. Kd2 b2
54. c7 b1=Q 55. c8=Q Qe1+ 56. Kd3 Rd1+ 57. Kc4 Qxc3+ 0-1

[Event "34 R.G.Nezhmetdinov Cup"]
[Site "Êàçàíü, "]
[Date "2012.10.01"]
[Round "6.23"]
[White "Sarana, Alexey"]
[Black "Mirzanurov, Bulat"]
[Result "1-0"]
[WhiteElo "2118"]
[BlackElo "2208"]
[PlyCount "89"]
[EventDate "2013.??.??"]

1. d4 Nf6 2. c4 c5 3. d5 e6 4. Nc3 exd5 5. cxd5 d6 6. e4 g6 7. Bd3 Bg7 8. h3
O-O 9. Nf3 Re8 10. O-O a6 11. a4 Nbd7 12. Re1 Nh5 13. g4 Nhf6 14. Bf4 Ne5 15.
Nxe5 dxe5 16. Be3 Qd6 17. a5 Bd7 18. Qb3 Rec8 19. Rec1 Ne8 20. f3 Qf6 21. Kg2
Nd6 22. Na4 c4 23. Bxc4 Bb5 24. Nb6 Bxc4 25. Nxc4 Nb5 26. Nb6 Rxc1 27. Rxc1 Rd8
28. Rd1 Nd4 29. Bxd4 exd4 30. Rd3 Qh4 31. Rd1 Be5 32. f4 Bxf4 33. Rxd4 Qe1 34.
Qf3 Be5 35. Rd1 Qxa5 36. Nc4 Qb4 37. b3 Bg7 38. Rf1 b5 39. Qxf7+ Kh8 40. Qc7
Rf8 41. Qd6 Qxd6 42. Nxd6 Rb8 43. e5 Bf8 44. Rxf8+ Rxf8 45. e6 1-0

[Event "34 R.G.Nezhmetdinov Cup"]
[Site "Êàçàíü, "]
[Date "2012.10.01"]
[Round "6.24"]
[White "Charochkina, Daria"]
[Black "Murtazin, Bulat"]
[Result "0-1"]
[WhiteElo "2366"]
[BlackElo "2012"]
[PlyCount "54"]
[EventDate "2013.??.??"]

1. e4 e6 2. d4 d5 3. Nc3 Nf6 4. Bg5 dxe4 5. Nxe4 Be7 6. Bxf6 gxf6 7. Nf3 f5 8.
Nc3 a6 9. Qd3 b5 10. O-O-O Bb7 11. a3 c5 12. d5 b4 13. axb4 cxb4 14. Qd4 O-O
15. d6 bxc3 16. dxe7 cxb2+ 17. Qxb2 Qxe7 18. Ne5 a5 19. h4 a4 20. Rh3 f4 21.
Nd7 Nxd7 22. Qxb7 a3 23. Bc4 Qc5 24. Qe4 Ra4 25. Rc3 a2 26. Kb2 Qb4+ 27. Rb3
Qxc4 0-1

[Event "34 R.G.Nezhmetdinov Cup"]
[Site "Êàçàíü, "]
[Date "2012.10.01"]
[Round "6.25"]
[White "Nizamov, Bulat"]
[Black "Malygin, Alexander"]
[Result "1-0"]
[WhiteElo "1901"]
[BlackElo "2200"]
[PlyCount "71"]
[EventDate "2013.??.??"]

1. d4 f5 2. Nf3 Nf6 3. g3 g6 4. Bg2 Bg7 5. c4 O-O 6. O-O d6 7. Nc3 Nc6 8. d5
Na5 9. Qd3 e5 10. dxe6 Bxe6 11. Nd2 Nc6 12. a3 Ne5 13. Qc2 c6 14. b3 Nh5 15.
Rd1 Ng4 16. e3 Nhf6 17. Bb2 f4 18. gxf4 Bf5 19. Qc1 Qe7 20. Nf1 Rad8 21. h3 Nh6
22. Ng3 Bc8 23. Nce2 Nf7 24. Qc2 a6 25. Kh2 Rfe8 26. Rac1 Bh8 27. Qb1 Qf8 28.
Qa1 Qe7 29. Nc3 h6 30. Nce4 Nh7 31. Bxh8 Nxh8 32. Rg1 Qh4 33. Bf1 d5 34. cxd5
cxd5 35. Rc7 Rd7 36. Nf5 1-0

[Event "34 R.G.Nezhmetdinov Cup"]
[Site "Êàçàíü, "]
[Date "2012.10.01"]
[Round "6.26"]
[White "Shkuro, Alexandr"]
[Black "Vafin, Ayrat"]
[Result "0-1"]
[WhiteElo "2030"]
[BlackElo "2161"]
[PlyCount "94"]
[EventDate "2013.??.??"]

1. d4 Nf6 2. Nf3 e6 3. e3 c5 4. Be2 b6 5. O-O Bb7 6. Nbd2 Be7 7. b3 cxd4 8.
exd4 O-O 9. Bd3 Nc6 10. a3 Rc8 11. Bb2 Rc7 12. Re1 Qa8 13. c4 d5 14. cxd5 Nxd5
15. Rc1 Rfc8 16. Bf1 Bf8 17. b4 a5 18. b5 Nce7 19. Rxc7 Rxc7 20. Ne5 Nf6 21.
Ndc4 Ned5 22. f3 Qe8 23. Qb3 Rc8 24. Bd3 Qd8 25. g3 Ne7 26. Be4 Nxe4 27. fxe4
Qc7 28. Nc6 Nxc6 29. bxc6 Qxc6 30. Qxb6 Qxb6 31. Nxb6 Rc2 32. Bc1 Bxe4 33. Rxe4
Rxc1+ 34. Kf2 Bxa3 35. Re5 Bb4 36. Rb5 g6 37. g4 Kg7 38. g5 Rc2+ 39. Ke3 Rxh2
40. Nd7 Rh3+ 41. Ke4 h6 42. gxh6+ Rxh6 43. Ne5 Rh4+ 44. Ke3 Rh5 45. Rb7 Rf5 46.
Nc6 g5 47. Nd8 Kg6 0-1

[Event "34 R.G.Nezhmetdinov Cup"]
[Site "Êàçàíü, "]
[Date "2012.10.01"]
[Round "6.27"]
[White "Rumiantseva, Ksenia"]
[Black "Sazonova, Anastasia"]
[Result "0-1"]
[WhiteElo "1913"]
[BlackElo "2067"]
[PlyCount "60"]
[EventDate "2013.??.??"]

1. e4 c5 2. Nf3 d6 3. d4 cxd4 4. Nxd4 Nf6 5. f3 e5 6. Nb3 Be7 7. c4 a5 8. Be3
a4 9. N3d2 O-O 10. Nc3 Qa5 11. Qc2 Nc6 12. a3 Bd7 13. Be2 Rfc8 14. O-O Nd4 15.
Qd3 Bd8 16. Rfd1 Bb6 17. Nf1 Be6 18. Nd2 Nd7 19. Bf2 Nc5 20. Qb1 Ncb3 21. Nxb3
Nxb3 22. Ra2 Bxf2+ 23. Kxf2 Qb6+ 24. Kf1 Bxc4 25. Bxc4 Rxc4 26. Qd3 Rd4 27. Qe2
Rxd1+ 28. Qxd1 Qe3 29. Qe2 Qxe2+ 30. Kxe2 Nc1+ 0-1

[Event "34 R.G.Nezhmetdinov Cup"]
[Site "Êàçàíü, "]
[Date "2012.10.01"]
[Round "6.28"]
[White "Bakunin, Damir"]
[Black "Jusupov, Tabris"]
[Result "0-1"]
[WhiteElo "2024"]
[BlackElo "1954"]
[PlyCount "140"]
[EventDate "2013.??.??"]

1. e4 c6 2. d4 d5 3. e5 Bf5 4. Nc3 f6 5. g4 Bd7 6. h3 fxe5 7. dxe5 e6 8. Bd3 c5
9. Nf3 Nc6 10. Bxh7 Rxh7 11. Qd3 Rh6 12. Bxh6 Nxh6 13. Qg6+ Nf7 14. Nxd5 exd5
15. e6 Bxe6 16. Qxe6+ Qe7 17. Qxe7+ Bxe7 18. O-O-O O-O-O 19. Rhe1 Bf6 20. Re6
Kd7 21. Rde1 Rh8 22. h4 Bxh4 23. Nxh4 Rxh4 24. Rg6 Nce5 25. Rxg7 Rxg4 26. Rxg4
Nxg4 27. Rg1 Nge5 28. f4 Nf3 29. Rg7 Ke6 30. c3 Kf6 31. Rg8 Nh4 32. Ra8 a6 33.
Rc8 c4 34. Rb8 Nd6 35. Rf8+ Ke7 36. Rh8 Ng6 37. Rh7+ Ke6 38. Rh6 Kf6 39. Kb1
Kg7 40. Rh1 Nxf4 41. Rf1 Ng6 42. Kc2 Ne7 43. b3 Nef5 44. Kb2 Kf6 45. Re1 Ng3
46. Rg1 Nge4 47. Rh1 Ke7 48. Rh7+ Nf7 49. Rh4 b5 50. Rg4 Kd7 51. Rg7 Ned6 52.
Ka3 a5 53. Rg8 Nd8 54. Kb2 N8b7 55. Rg5 Kc6 56. Rg6 Kc5 57. Rh6 b4 58. Rh5
bxc3+ 59. Kxc3 Ne4+ 60. Kc2 c3 61. a3 Nd8 62. Kd3 Nc6 63. Rf5 Kd6 64. Rh5 Ne5+
65. Kc2 d4 66. Rh6+ Kd5 67. Ra6 d3+ 68. Kc1 d2+ 69. Kc2 Nf2 70. Rxa5+ Kd4 0-1

[Event "34 R.G.Nezhmetdinov Cup"]
[Site "Êàçàíü, "]
[Date "2012.10.02"]
[Round "7.2"]
[White "Pasiev, Rakhim"]
[Black "Savchenko, Boris"]
[Result "0-1"]
[WhiteElo "2333"]
[BlackElo "2523"]
[PlyCount "80"]
[EventDate "2012.??.??"]

1. e4 c5 2. Nf3 d6 3. d4 cxd4 4. Nxd4 Nf6 5. Nc3 Nc6 6. Be2 g6 7. Be3 Bg7 8.
O-O Bd7 9. Kh1 O-O 10. Nb3 Rc8 11. f4 a6 12. Bf3 b5 13. a3 Ne8 14. Nd5 Rb8 15.
Nd4 Nc7 16. Nb4 Na5 17. b3 Qe8 18. Rc1 Nb7 19. e5 dxe5 20. Ndc6 Bxc6 21. Nxc6
exf4 22. Bxf4 Rc8 23. c4 Ne6 24. cxb5 Nxf4 25. bxa6 Nd6 26. Re1 Ne6 27. b4 Nb5
28. Qd3 Ned4 29. a4 Nxf3 30. Qxf3 Nd4 31. Nxd4 Rxc1 32. Rxc1 Bxd4 33. b5 e5 34.
Qd5 Qe7 35. Qb3 e4 36. Qc4 e3 37. Qxd4 Rd8 38. Qc3 e2 39. Re1 Rd1 40. b6 Qf6
0-1

[Event "34 R.G.Nezhmetdinov Cup"]
[Site "Êàçàíü, "]
[Date "2012.10.02"]
[Round "7.5"]
[White "Frolyanov, Dmitry"]
[Black "Sadykov, Ramil"]
[Result "1/2-1/2"]
[WhiteElo "2560"]
[BlackElo "2234"]
[PlyCount "134"]
[EventDate "2012.??.??"]

1. d4 d5 2. c4 c6 3. Nc3 Nf6 4. e3 a6 5. Nf3 b5 6. b3 Bg4 7. h3 Bxf3 8. Qxf3 e5
9. dxe5 Bb4 10. Bd2 Bxc3 11. Bxc3 Ne4 12. Bb4 bxc4 13. Bxc4 Qb6 14. a3 a5 15.
Bd6 Nxd6 16. exd6 Nd7 17. Be2 Qxb3 18. O-O O-O 19. Rfc1 Rad8 20. Qf4 Qb2 21.
Bg4 Nc5 22. Rcb1 Qc3 23. Rc1 Qb2 24. Bf5 g6 25. Bc2 Rd7 26. a4 Rfd8 27. Rab1
Qa3 28. Qd4 Rxd6 29. Qd2 Ra8 30. Qd4 Rd7 31. Bxg6 Ne6 32. Qd3 Qxd3 33. Bxd3 c5
34. Bf5 c4 35. Rb6 Kg7 36. Bxe6 fxe6 37. Rxe6 Rc8 38. Rb6 d4 39. exd4 Rxd4 40.
Rc3 Rd1+ 41. Kh2 Ra1 42. Rb5 Rxa4 43. Rf5 Rc6 44. Rg3+ Rg6 45. Rgf3 Rc6 46.
Rg5+ Kh6 47. Rg4 Rb4 48. Rh4+ Kg7 49. Rg3+ Rg6 50. Re3 c3 51. Re7+ Kg8 52. Rh5
Rc4 53. Rxa5 Rc8 54. Ra1 c2 55. Rc1 Rd6 56. Re2 Rdc6 57. g4 Kg7 58. Kg3 h5 59.
f4 hxg4 60. hxg4 Rc3+ 61. Kg2 R8c4 62. Rf2 Kf6 63. Rf3 Rxf3 64. Kxf3 Rc3+ 65.
Ke4 Rc4+ 66. Ke3 Rc3+ 67. Kd2 Rf3 1/2-1/2

[Event "34 R.G.Nezhmetdinov Cup"]
[Site "Êàçàíü, "]
[Date "2012.10.02"]
[Round "7.7"]
[White "Onischuk, Vladimir"]
[Black "Chigaev, Maksim"]
[Result "1/2-1/2"]
[WhiteElo "2547"]
[BlackElo "2456"]
[PlyCount "117"]
[EventDate "2012.??.??"]

1. Nf3 Nf6 2. g3 g6 3. Bg2 Bg7 4. O-O O-O 5. Re1 d5 6. d3 c5 7. Nbd2 Nc6 8. e4
e6 9. Qe2 Re8 10. Nb3 b6 11. Bg5 dxe4 12. dxe4 h6 13. Bxf6 Bxf6 14. e5 Bg7 15.
Nfd4 Nxe5 16. Bxa8 cxd4 17. Bg2 d3 18. cxd3 Ba6 19. Red1 Qd6 20. Qe3 Rd8 21.
Rac1 Bb5 22. Qe4 a5 23. d4 a4 24. Na1 Nc4 25. Bf1 Bc6 26. d5 exd5 27. Qc2 Nxb2
28. Rd2 Bd7 29. Qc7 Be6 30. Qxd6 Rxd6 31. Bb5 Bf5 32. a3 Be4 33. Rc8+ Kh7 34.
Nc2 d4 35. Nb4 d3 36. Rc1 Bd4 37. Kf1 Kg7 38. Ke1 Re6 39. Kf1 Rd6 40. h3 h5 41.
h4 Bf5 42. Kg2 Be4+ 43. Kh2 Bf6 44. Na2 Rd8 45. Kg1 Bf5 46. Nb4 Rd6 47. Rc7 Be5
48. Rc1 Bf6 49. Kg2 Be6 50. Kf1 Bf5 51. Ba6 Be4 52. Bb5 Bf5 53. Bc6 Bd4 54. Bd5
b5 55. Ba2 Rd7 56. Kg2 Be4+ 57. Kf1 Bf5 58. Kg2 Be4+ 59. Kf1 1/2-1/2

[Event "34 R.G.Nezhmetdinov Cup"]
[Site "Êàçàíü, "]
[Date "2012.10.02"]
[Round "7.8"]
[White "Iskusnyh, Sergei"]
[Black "Yandemirov, Valeri"]
[Result "1/2-1/2"]
[WhiteElo "2486"]
[BlackElo "2398"]
[PlyCount "101"]
[EventDate "2012.??.??"]

1. c4 Nf6 2. Nc3 d5 3. cxd5 Nxd5 4. g3 g6 5. Bg2 Nb6 6. d4 Bg7 7. Nf3 O-O 8.
O-O Nc6 9. e3 Re8 10. Re1 a5 11. Qe2 e5 12. dxe5 Nxe5 13. Nxe5 Bxe5 14. e4 Be6
15. f4 Bxc3 16. bxc3 Bd5 17. Qf2 Bc6 18. f5 Nc4 19. g4 Ne5 20. Qg3 Nd3 21. Re3
Nxc1 22. Rxc1 gxf5 23. gxf5+ Kh8 24. Qf4 f6 25. Rce1 Re5 26. Rg3 Qe7 27. Ree3
Rd8 28. h3 a4 29. Kh2 Rg8 30. Rxg8+ Kxg8 31. Rg3+ Kh8 32. Bf3 Rb5 33. Qg4 Qf8
34. Bg2 a3 35. Qf4 Rb2 36. e5 Bxg2 37. Rxg2 Qg8 38. Rxb2 axb2 39. Qb4 fxe5 40.
Qxb2 Qd5 41. c4 Qe4 42. Qd2 Kg7 43. Qd7+ Kf6 44. Qxh7 Qc2+ 45. Kg3 Qc3+ 46. Kg2
Qb2+ 47. Kg3 Qc3+ 48. Kg2 Qd2+ 49. Kg3 Qe3+ 50. Kg2 Qe2+ 51. Kg3 1/2-1/2

[Event "34 R.G.Nezhmetdinov Cup"]
[Site "Êàçàíü, "]
[Date "2012.10.02"]
[Round "7.9"]
[White "Burmakin, Vladimir"]
[Black "Ismailov, Mukhit"]
[Result "1-0"]
[WhiteElo "2596"]
[BlackElo "2209"]
[PlyCount "65"]
[EventDate "2012.??.??"]

1. Nf3 Nf6 2. g3 g6 3. Bg2 Bg7 4. O-O O-O 5. d4 d6 6. c4 Nbd7 7. Nc3 e5 8. h3
Re8 9. e4 c6 10. Qc2 Qc7 11. Be3 b6 12. Rfd1 Bb7 13. Rac1 a6 14. dxe5 dxe5 15.
Na4 Bf8 16. c5 b5 17. Nb6 Nxb6 18. cxb6 Qe7 19. Nd2 Red8 20. Nb3 a5 21. a4 Rdc8
22. Nc5 Rab8 23. Qc3 b4 24. Qc4 h6 25. Rd2 Rd8 26. Rxd8 Rxd8 27. Nxb7 Qxb7 28.
Qxc6 Rd1+ 29. Bf1 Qxc6 30. Rxc6 Nd7 31. b7 Kg7 32. Rc8 Rb1 33. Rd8 1-0

[Event "34 R.G.Nezhmetdinov Cup"]
[Site "Êàçàíü, "]
[Date "2012.10.02"]
[Round "7.10"]
[White "Sharafiev, Azat"]
[Black "Tunik, Gennady"]
[Result "1/2-1/2"]
[WhiteElo "2414"]
[BlackElo "2456"]
[PlyCount "80"]
[EventDate "2012.??.??"]

1. Nf3 Nf6 2. c4 e6 3. Nc3 Bb4 4. Qc2 c5 5. e3 d6 6. Be2 Nc6 7. O-O O-O 8. d4
cxd4 9. exd4 h6 10. a3 Bxc3 11. Qxc3 b6 12. Bf4 Bb7 13. Rad1 Ne7 14. Qb4 Ne4
15. Bd3 Ng6 16. Bc1 Nf6 17. Be2 Rc8 18. b3 a5 19. Qe1 a4 20. Qb4 axb3 21. Be3
b5 22. Nd2 Nh4 23. g3 Nf5 24. Qxb3 Qa5 25. Qxb5 Qa8 26. Qb3 Rb8 27. Qc3 Rfc8
28. Rb1 Ne4 29. Nxe4 Bxe4 30. Rb4 Rxb4 31. axb4 Bf3 32. Ra1 Qb7 33. Bf1 h5 34.
b5 Qxb5 35. Qd3 Qd7 36. Bf4 Ra8 37. Rb1 Bb7 38. Qb3 Be4 39. Rd1 Qa7 40. Qc3 Qb7
1/2-1/2